Alle Hauptstädte Afrikas (alphabetisch) - Statistiken

Allgemein
  • Dieses Quiz wurde 21 mal gespielt
  • Das Durchschnittsergebnis liegt bei 42 aus 54
Antwortstatistiken
Hauptstadt % Korrekt
Accra
100%
Algier
100%
Antananarivo
100%
Abuja
92%
Asmara
92%
Bamako
92%
Dschibuti
92%
Addis Abeba
85%
Bangui
85%
Banjul
85%
Brazzaville
85%
Dodoma
85%
Freetown
85%
Gaborone
85%
Gitega
85%
Juba
85%
Kairo
85%
Kampala
85%
Kigali
85%
Tripolis
85%
Bissau
77%
Conakry
77%
Dakar
77%
Harare
77%
Jaunde
77%
Kapstadt
77%
Khartum
77%
Kinshasa
77%
Libreville
77%
Luanda
77%
Mbabane
77%
Niamey
77%
Tunis
77%
Windhoek
77%
Yamoussoukro
77%
Lilongwe
69%
Lomé
69%
Maseru
69%
Monrovia
69%
Moroni
69%
Nairobi
69%
N'Djamena
69%
Nouakchott
69%
Ouagadougou
69%
Porto-Novo
69%
Praia
69%
Rabat
69%
Victoria
69%
Lusaka
62%
Malabo
62%
Maputo
62%
Mogadischu
62%
Port Louis
62%
São Tomé
62%
Keine übereinstimmenden Quizze gefunden
Verteilung der Resultate
Anzahl Personen mit jedem Resultat
Perzentil nach korrekt beantworteten Fragen
Ihre Resultats-Entwicklung
Sie haben dieses Quiz noch nicht gespielt